000 00532nam a2200181Ia 4500
008 090123s9999 xx 000 0 und d
082 _b37650
_a891.463/मुसळे
100 _aमुसळे बाबाराव
245 _aवारुळ
250 _a1
260 _bसाकेत प्रकाशन
_c2004
300 _a491
600 _aमुसळे बाबाराव
630 _aवारुळ
700 _aमुसळे बाबाराव
730 _aवारुळ
942 _cBOOK
999 _c75718
_d75718